000 00506cam a22001932a 4500
001 000954
003 AR-FADEU
008 311216n1973####xxu####################dd
020 _a0-8059-1805-1
092 _a810.9
_bS849
100 _aStewart Omrcanin, Margaret
245 _aThe novel and political insurgency
260 _aPhiladelphia
260 _bDorrance Co.
260 _c1973
300 _a119 p
650 _aLITERATURA ESTADOUNIDENSE-HISTORIA; POLITICA; NOVELA/REVISADO/
942 _cBDGR
999 _c6794
_d6794